Najpopularniejsze papierosy w Polsce - Statystyki

Ogólne statystyki
  • Ten quiz został rozwiązany 811 razy
  • Średni wynik to 8 z 16
Statystyki odpowiedzi
Odpowiedź % Poprawnych
L&M
90%
Winston
84%
Camel
83%
Marlboro
77%
Chesterfield
73%
LD
66%
Lucky Strike
52%
P&S
49%
Rothmans
49%
Pall Mall
46%
West
32%
Davidoff
26%
RGD
24%
Vogue
19%
Sobieski
10%
Parlament
8%
Nie znaleziono quizów pasujących do podanych kryteriów
Rozkład punktacji
Procent ludzi z każdym wynikiem
Percentyl według liczby udzielonych odpowiedzi
Twoja historia wyników
Nie rozwiązałeś tego quizu